A história do Cãozinho (Record no. 38151)
[ view plain ]
| 000 -Etiqueta do registo | |
|---|---|
| Valores | 00343nam a2200145 4500 |
| 100 ## - Dados gerais de processamento | |
| Dados gerais | 20220907 frey50 |
| 101 ## - Língua de publicação | |
| Língua | Português |
| 102 ## - País de publicação | |
| País | Portugal |
| 200 ## - Titulo e menção de responsabilidade | |
| Título próprio | A história do Cãozinho |
| Primeira menção de responsabilidade | Bob Bampton |
| 210 ## - Publicação | |
| Local de publicação | Lisboa |
| Nome do editor | Círculo de Leitores |
| Data de publicação | 1998 |
| 215 ## - Descrição física | |
| Paginação / Volumes | [10] p. |
| Outras indicações físicas | il |
| 801 ## - Fonte de origem | |
| País | PT |
| Agência | BMR |
| Regras de catalogação | RPC |
| 990 ## - Elementos KOHA | |
| Tipo de documento | Livro |
| Estado | Biblioteca de origem | Código de barras | Cota | Permissão de empréstimo | Tipo de documento | Nota relativa ao exemplar | Empréstimo | Forma de aquisição |
|---|---|---|---|---|---|---|---|---|
| Biblioteca do Centro Escolar de Montoito | 81723 | 82-93 BAM LIT. INF. JUV. | Livro | Biblioteca do Centro Escolar de Montoito | ||||
| Biblioteca do Centro Escolar de Redondo | 50302 | 82-93 BAM LIT. INF. JUV. | Livro | Doação da sala 3 de Jardim de Infância do Centro Escolar de Redondo á Biblioteca do Centro Escolar de Redondo | Biblioteca do Centro Escolar de Redondo |